Sports Quiz

Random Sports or Clickable Quiz

NBA Chain Game Quiz Stats

 Plays Quiz not verified by Sporcle

Challenge
Share
Tweet
Embed
Score 0/36 Timer 10:00
0 Plays Today
% Correct
???
100%
???
92.2%
???
84.3%
???
83%
???
71.2%
???
70.6%
???
55.6%
???
46.4%
???
38.6%
???
38.6%
???
37.3%
???
34.6%
???
32%
???
32%
???
32%
???
25.5%
???
24.2%
???
23.5%
% Correct
???
23.5%
???
22.9%
???
22.2%
???
22.2%
???
22.2%
???
12.4%
???
9.2%
???
9.2%
???
9.2%
???
7.2%
???
7.2%
???
6.5%
???
6.5%
???
6.5%
???
6.5%
???
6.5%
???
6.5%
???
6.5%

You're not logged in!

Compare scores with friends on all Sporcle quizzes.
Join for Free
OR
Log In

You Might Also Like...

Show Comments

Extras

Created May 10, 2017ReportNominate
Tags:Clickable Quiz, NBA Quiz

Top Quizzes Today


Score Distribution

Your Account Isn't Verified!

In order to create a playlist on Sporcle, you need to verify the email address you used during registration. Go to your Sporcle Settings to finish the process.

Report this User

Report this user for behavior that violates our Community Guidelines.

Details: